| 000 | 01092nam1a2200265 i 4500 | ||
|---|---|---|---|
| 001 | RU\NLR\BIBL_A\011076117 | ||
| 005 | 20260405121123.0 | ||
| 035 | _a(NLR Aleph) 011076117 | ||
| 090 |
_a11299811 _c11299811 |
||
| 100 | _a20150611g20119999u y0rusy50 ca | ||
| 101 | 0 | _arus | |
| 102 | _aRU | ||
| 105 | _a| z ||||| | ||
| 200 | 1 |
_aУтаенные страницы советской истории _fА.Ю. Бондаренко, Н.Н. Ефимов |
|
| 210 |
_aМосква _cКучково поле _d2011 |
||
| 215 | _d21 | ||
| 607 |
_aСССР _jПопулярные издания _xИстория _9912491 _3RU\NLR\AUTH\6613829 |
||
| 686 | 1 | _aТ3(2)7я9 | |
| 700 | 1 |
_7ca _8rus _aБондаренко _bА. Ю. _f1955- _gАлександр Юльевич _9151191 _3RU\NLR\AUTH\770151229 |
|
| 701 | 1 |
_7ca _8rus _aЕфимов _bН. Н. _cд-р филос. наук _f1954- _gНиколай Николаевич _930129 _3RU\NLR\AUTH\7747194 |
|
| 852 |
_aNLR _j2009-3/1760 |
||
| 942 | _cBOOK | ||
| 980 | _aNBR | ||